Normal view
MARC view
- Dr. Ayeesha Mujeeb.
Entry Personal Name
001 - CONTROL NUMBER
- control field: 28048
003 - CONTROL NUMBER IDENTIFIER
- control field: NUST
005 - DATE AND TIME OF LATEST TRANSACTION
- control field: 20200126184239.0
008 - FIXED-LENGTH DATA ELEMENTS
- fixed length control field: 200126|| aca||aabn | a|a d
040 ## - CATALOGING SOURCE
- Original cataloging agency: NUST
- Transcribing agency: NUST
100 ## - HEADING--PERSONAL NAME
- Personal name: Dr. Ayeesha Mujeeb.
670 ## - SOURCE DATA FOUND
- Source citation: Work cat.: (NUST): Naeem, Kehkashan 28047, Self-Assembling Hexapeptide Hydrogels with gold nanoparticles for tissue engineering applications /, 2014.
